000 00591nam a2200193Ii 4500
003 JO-AjNU
008 230605s9999||||xx |||||||||||||| ||und||
040 _aJO-AjNU
_bara
_erda
_cJO-AjNU
041 _aara
050 1 4 _aHF5415.A2422.2007
100 3 _aأبو قحف،عبدالسلام,
_eauthor
_932685
245 0 0 _aالتسويق الدولي
264 3 1 _aالاسكندرية:الدار الجامعية،2007
300 _a376ص
336 _atext
_btxt
_2rdacontent
337 _aunmediated
_bn
_2rdamedia
338 _avolume
_bnc
_2rdacarrier
650 4 _aالتسويق
_932686
999 _aA13224
_c16792
_d16792